[Event "Bogota IRT op 06"]
[Site "Bogota"]
[Date "2012.06.10"]
[Round "4"]
[White "Buitrago, Bernardo"]
[Black "Zuluaga Torres, Juan Pablo"]
[Result "1-0"]
[WhiteElo "1808"]
[BlackElo "1945"]
[PlyCount "79"]
[EventDate "2012.06.08"]
[EventType "swiss"]
[EventRounds "7"]
[EventCountry "COL"]
[SourceTitle "CBM 148 Extra"]
[Source "ChessBase"]
[SourceDate "2012.06.22"]
[SourceVersion "1"]
[SourceVersionDate "2012.06.22"]
[SourceQuality "1"]

1. e4 e5 2. Nf3 Nf6 3. Nc3 Nc6 4. Bc4 Bb4 5. Qe2 0-0 6. 0-0 d6 7. a3 Ba5 8. b4 Bb6 9. Bb2 Bg4 10. Nd5 Nd4 11. Bxd4 Bxd4 12. c3 Bb6 13. Nxb6 axb6 14. Bb3 c6 15. Qe3 c5 16. Ne1 Be6 17. Bxe6 fxe6 18. d3 Qe8 19. Qh3 Qf7 20. Nf3 h6 21. Nd2 Nh5 22. g3 Qg6 23. f3 Nf4 24. Qh4 Nxd3 25. Qe7 Qf7 26. Qxf7+ Rxf7 27. Nb3 Raf8 28. Kg2 b5 29. Nd2 d5 30. bxc5 Nxc5 31. exd5 exd5 32. Rab1 Na4 33. Rxb5 Rc8 34. Rxd5 Rxc3 35. Rxe5 Rxa3 36. Ne4 Ra2+ 37. Rf2 Rxf2+ 38. Kxf2 Rc7 39. h4 Nc3 40. Nd6 1-0